Animation (Record no. 6351)

000 -LEADER
fixed length control field 00346nam a2200145Ia 4500
008 - FIXED-LENGTH DATA ELEMENTS--GENERAL INFORMATION
fixed length control field 190704s9999||||xx |||||||||||||| ||und||
020 ## - INTERNATIONAL STANDARD BOOK NUMBER
International Standard Book Number 9781581153019
082 ## - DEWEY DECIMAL CLASSIFICATION NUMBER
Classification number 791.433
Item number BEC/A
100 ## - MAIN ENTRY--PERSONAL NAME
Personal name Beckerman, Howard
245 #0 - TITLE STATEMENT
Title Animation
250 ## - EDITION STATEMENT
Edition statement Revised Edition
260 ## - PUBLICATION, DISTRIBUTION, ETC.
Place of publication, distribution, etc. New yark
Name of publisher, distributor, etc. AllworthPress
Date of publication, distribution, etc. 2012
300 ## - PHYSICAL DESCRIPTION
Extent 309p
942 ## - ADDED ENTRY ELEMENTS (KOHA)
Koha item type Book

No items available.

All Rights Reserved@MUIT

Powered by Koha